000
00217nam a2200097Ia 4500
005
20251222141826.0
008
251222s9999||||xx |||||||||||||| ||spa||
082
_a
709.04/F74
245
0
_a
Art du XX° siecle
942
_c
LIB
999
_c
6970
_d
6970